000 00373nam a2200145Ia 4500
008 231129s1980||||xx |||||||||||||| ||spa||
020 _a84-7095-053-3
040 _bspa
082 _aR 751.4 B722t
100 _aBontcé J.
245 0 _aTecnicas y secretos de la pintura
260 _c1980
264 _aL.E.D.A
942 _2ddc
_cBKS
999 _c25104
_d25104